Les capitales n'étant pas la plus grande ville de leur pays - Statistiques

Statistiques générales
  • Ce quiz a été pris 177 fois
  • Le résultat moyen est 16 sur 31
Statistiques - réponses
Réponse Indice % Correct
Washington Amérique du Nord
95%
Canberra Océanie
88%
Ottawa Amérique du Nord
88%
Brasilia Amérique du Sud
85%
Pekin Asie
81%
Pretoria/Le Cap/Bloemfontein Afrique
76%
Ankara Asie
73%
Berne Europe
72%
Rabat Afrique
72%
Wellington Océanie
72%
New Delhi Asie
66%
Islamabad Asie
58%
Hanoi Asie
57%
Yamoussoukro Afrique
56%
Abuja Afrique
51%
Quito Amérique du Sud
47%
Vaduz Europe
44%
Abou Dabi Asie
42%
Belmopan Amérique du Nord
42%
Yaoundé Afrique
42%
Noursoultan Asie
39%
Dodoma Afrique
38%
La Valette Europe
38%
Porto-Novo Afrique
35%
Naypyidaw Asie
34%
Saint-Marin Europe
32%
Port-d'Espagne Amérique du Nord
23%
Palikir Océanie
22%
Sri Jayawardenapura Kotte Asie
20%
Mbabane Afrique
14%
Melekeok Océanie
13%
Aucun quiz correspondant
Distribution des résultats
% des personnes avec chaque résultat
Percentile par nombre de réponses
Votre historique - résultats
Vous n’avez pas pris ce quiz